Rashtrapati banam pradhanmantri (Hindi) (Record no. 405920)

000 -LEADER
fixed length control field 00307cam a22001097a 4500
008 - FIXED-LENGTH DATA ELEMENTS--GENERAL INFORMATION
fixed length control field 180718b1987 xxu||||| |||| 00| 0 eng d
100 ## - MAIN ENTRY--PERSONAL NAME
Personal name Limye, Madhu
245 ## - TITLE STATEMENT
Title Rashtrapati banam pradhanmantri (Hindi)
Statement of responsibility, etc. by Madhu Limye
260 ## - PUBLICATION, DISTRIBUTION, ETC.
Place of publication, distribution, etc. Delhi
Name of publisher, distributor, etc. Pratipaksh Samta
Date of publication, distribution, etc. 1987
300 ## - PHYSICAL DESCRIPTION
Extent 83p.
650 ## - SUBJECT ADDED ENTRY--TOPICAL TERM
Topical term or geographic name entry element Primeminister
Holdings
Withdrawn status Lost status Damaged status Not for loan Permanent Location Current Location Date acquired Barcode Date last seen Price effective from Koha item type
        Indian Institute of Public Administration Indian Institute of Public Administration 2006-08-26 72730 2018-07-21 2018-07-21 Book

Powered by Koha